Gaming Quiz

Random Gaming or Console Quiz
Score 0/20 Timer 03:00
0 Plays Today
Hint Answer % Correct
Super Mario Bros.
92.9%
Tetris
90%
Duck Hunt
88.4%
The Legend of Zelda
85.1%
Mike Tyson's Punch-Out!!
82.5%
Kirby's Adventure
78.1%
Metroid
69.5%
Mega Man
68.1%
Castlevania
67.9%
Contra
61.7%
Hint Answer % Correct
Excitebike
57.2%
Double Dragon
52.6%
Teenage Mutant Ninja Turtles
52.5%
Tecmo Bowl
50.8%
Kid Icarus
47%
Ice Climber
43.9%
Ghosts 'n Goblins
39.7%
Kung Fu
35.7%
Top Gun
34.9%
R.C. Pro-Am
22.1%
Remove Ads.
Support Sporcle.
Get the best of Sporcle when you Go Orange. This ad-free experience offers more features, more stats, and more fun while also helping to support Sporcle. Thank you for becoming a member.

You're not logged in!

Compare scores with friends on all Sporcle quizzes.
OR
Log In

Show Comments

Extras

Top Quizzes Today


Score Distribution

Your Account Isn't Verified!

In order to create a playlist on Sporcle, you need to verify the email address you used during registration. Go to your Sporcle Settings to finish the process.

Report this User

Report this user for behavior that violates our Community Guidelines.

Details: